000 01226nam0a2200361 4500
001 RU\NLR\bibl\165760
005 20260406045436.0
010 _a5-7024-1171-4
_951000
021 _aRU
_b2001-13252
_9623
035 _a(NLR Aleph) 000162590
090 _a935453
_c935453
100 _a20010606d2001 |||y0rusy50 ca
101 1 _arus
_ceng
102 _aRU
105 _ay |||||||||
200 1 _aСнова замужем
_eРоман
_fАйра Уайз
_g[Пер. с англ. С.Ю. Таскаевой]
210 _aМ.
_cПанорама
_d2001
215 _a185, [1] с.
_d17
225 1 _aПанорама романов о любви
311 _aЛит.-худож. прил. к междунар. журн. "Панорама"
422 0 _12001#$aПанорама
_tПанорама
610 0 _aЛюбовь (х. л.)
675 _a821.111(73)-31Уайз
_v3
_zrus
686 1 _aШ6(7США)67-440.4
700 1 _4070
_8rus
_7ca
_aУайз
_bА.
_gАйра
_3RU\NLR\auth\775133
_9115101
801 0 _aRU
_bRKP
_c20010606
_gPSBO
801 1 _aRU
_bRKP
_c20010606
801 2 _aRU
_bNLR
_c20010705
_grcr
942 _cBOOK
980 _aNB